Online Catalogue and eLibrary

In Spirit and in truth (Record no. 4511)

MARC details
000 -LEADER
fixed length control field 00437nam a2200169Ia 4500
005 - DATE AND TIME OF LATEST TRANSACTION
control field 20240724044944.0
008 - FIXED-LENGTH DATA ELEMENTS--GENERAL INFORMATION
fixed length control field 240331s9999 xx 000 0 und d
020 ## - INTERNATIONAL STANDARD BOOK NUMBER
ISBN 9555992673
082 ## - DDC Classification
Item Number - Author Mark FER
Class No. 291
100 ## - MAIN ENTRY--PERSONAL NAME
Personal name Fernando,M
245 #0 - TITLE STATEMENT
Title In Spirit and in truth
Statement of responsibility, etc. Mervyn Fernando
260 ## - PUBLICATION, DISTRIBUTION, ETC.
Place of publication, distribution, etc. Sri Lanka
Name of publisher, distributor, etc. Sarvodaya vishva lekha publication
Date of publication, distribution, etc. 2001
300 ## - PHYSICAL DESCRIPTION
Extent (e.g. Volumes, Pages etc.) xi, 140 p.,
650 ## - SUBJECT ADDED ENTRY--TOPICAL TERM
Topical term or geographic name entry element Religion
650 ## - SUBJECT ADDED ENTRY--TOPICAL TERM
Topical term or geographic name entry element Methodology
942 ## - Koha item type (Biblio)
Koha item type Books in Stacks (Lending)
Holdings
Lost status Damaged status Collection code Home library Current library Shelving location Date acquired Full call number Accession Number Item type
    Lending WERC Library WERC Library Social Science Cupboard 03/31/2024 291 FER 6269 Books in Stacks (Lending)

© WERC Library